LEADER 01989nam 2200361 n 450 001 996389959303316 005 20200824120719.0 035 $a(CKB)4940000000101279 035 $a(EEBO)2240912664 035 $a(UnM)99837574e 035 $a(UnM)99837574 035 $a(EXLCZ)994940000000101279 100 $a19901010d1620 uy | 101 0 $aeng 135 $aurbn||||a|bb| 200 00$aVia recta ad vitam longam, or A plaine philosophical discourse of the nature, faculties, and effects, of all such things, as by way of nourishments, and dieteticall obseruations, make for the preseruation of health$b[electronic resource] $ewith their iust applications vnto euery age, constitution of bodie, and time of yeare. Wherein also, by way of introduction, the nature and choice of habitable places, with the true vse of our famous bathes of Bathe is perspicuously demonstrated. By To: Venner, Doctor of Physicke, at Bathe in the spring, and fall, and at other times in the burrough of North-Petherton neere to the ancient hauen-towne of Bridgewater in Somerset-shire 210 $aLondon $cPrinted by Edward Griffin for Richard Moore, and are to be sold at his shop in St Dunstans church-yard in Fleet-street$d1620 215 $a[4], 195, [9] p 300 $aErrata on verso of 2C2. 300 $aReproduction of original in the Central Library (Bristol, Eng.). 330 $aeebo-0016 606 $aHygiene$vEarly works to 1800 607 $aBath (England)$xDescription and travel$vEarly works to 1800 615 0$aHygiene 700 $aVenner$b Tobias$f1577-1660.$01001527 801 0$bCu-RivES 801 1$bCu-RivES 801 2$bCStRLIN 801 2$bWaOLN 906 $aBOOK 912 $a996389959303316 996 $aVia recta ad vitam longam, or A plaine philosophical discourse of the nature, faculties, and effects, of all such things, as by way of nourishments, and dieteticall obseruations, make for the preseruation of health$92386961 997 $aUNISA LEADER 06013nam 2200469 450 001 996499865303316 005 20230318052653.0 010 $a3-031-09966-4 035 $a(MiAaPQ)EBC7130116 035 $a(Au-PeEL)EBL7130116 035 $a(CKB)25264905900041 035 $a(PPN)266354815 035 $a(EXLCZ)9925264905900041 100 $a20230318d2022 uy 0 101 0 $aeng 135 $aurcnu|||||||| 181 $ctxt$2rdacontent 182 $cc$2rdamedia 183 $acr$2rdacarrier 200 10$aCritical states at phase transitions of pure substances /$fBeycan I?brahimog?lu, Beycan Jr. I?brahimog?lu 210 1$aCham, Switzerland :$cSpringer,$d[2022] 210 4$d©2022 215 $a1 online resource (198 pages) 311 08$aPrint version: ?brahimo?lu, Beycan Critical States at Phase Transitions of Pure Substances Cham : Springer International Publishing AG,c2022 9783031099656 320 $aIncludes bibliographical references. 327 $aIntro -- Foreword -- Preface -- Acknowledgements -- Note -- Contents -- Abbreviations -- 1 Phase Diagrams -- 1.1 Introduction -- 1.2 Phase Diagram of One-Component Systems -- 1.3 Definitions -- 1.4 Solid-Liquid Equilibrium Curve -- 1.5 Liquid-Solid Phase Diagrams at High Pressures -- References -- 2 Experimental Studies -- 2.1 Experimental Setup -- 2.2 Experimental Studies -- 2.3 Theoretical Evaluation of Experimental Results -- 2.4 Performed Measurements -- 2.5 Experimental Method -- References -- 3 Metastable State -- 3.1 Metastable State and Its Classification -- 3.2 Experimental Determination of Metastable State and Its Existence Time -- 3.3 Experimental Studies on the Investigation of the Metastable State at High Pressures and Temperatures -- 3.4 Effect of Pressure on the Freezing of Benzene -- 3.5 Superdiscontinuous Metastable State -- References -- 4 Material Selection -- 4.1 Benzene -- 4.2 The Effect of High Pressure and Low Temperature on Liquid-Solid Transition of Benzene -- 4.3 Evaluation of the Experimental Results -- References -- 5 Pressure Change of the Metastable State of Benzene -- 5.1 Experimental Studies and Results -- 5.2 Interpretation of Experimental Results -- References -- 6 Analysis of the Phase Behavior of Benzene in a Wide Range of Temperature and Pressure Variations -- 6.1 Introduction -- 6.2 Critical Point of Liquid-Solid Transition for Benzene -- 6.2.1 Introduction -- 6.2.2 Material and Method -- 6.3 Results and Discussion -- 6.3.1 ?p-?T Relation -- 6.3.2 Critical Pressure of Liquid-solid Transition -- 6.3.3 Temperature of Liquid-solid Transition -- 6.3.4 Proposed Benzene Liquid-Solid Equilibrium Curve -- 6.4 Conclusion -- 6.5 PVT Studies of Benzene -- 6.6 State Diagrams of Benzene -- 6.7 Conclusion -- References -- 7 Axiogeometry -- 7.1 Geometric Studies -- 7.2 Basic Knowledge -- 7.3 Absolute Temperature. 327 $a7.4 Determination of an Arbitrary Temperature in Celsius Corresponding to Absolute Zero -- References -- 8 Equations of State -- 8.1 Ideal Gas Equation -- 8.2 Van Der Waals Equation -- 8.3 Thermal Decomposition Temperature -- 8.4 Temperature Measurement and Gas Thermometer -- 9 Hydrogen Gas -- 9.1 Introduction -- 9.2 Graphical Determination of the Properties of Hydrogen Gas -- 9.3 Ionization of Hydrogen Gas -- 9.4 Application of Grapho-Analytical Method to the Liquid Phase of Hydrogen -- 9.5 Formation of Hydrogen-Related Supercritical Fluid -- 9.6 Phase Diagrams -- 9.7 Density-Temperature (?-T) Phase Diagram at Low Pressure and Low Temperatures -- 9.8 Density-Pressure (?-p) Phase Diagram at Low Pressures and Temperatures -- 9.9 Density-Pressure (?-p) Phase Diagram at Low Pressure and High Temperatures -- 9.10 Hydrogen Density-Temperature (?-T) Diagram -- 9.11 Pressure-Temperature (p-T) Phase Diagrams -- 9.12 p-T Phase Diagram Arranged by Simulating Hydrogen Atom Model with Hydrogen Nucleus -- 9.13 Formation of Supercritical Fluid -- 9.14 Discussion -- 9.15 Results -- References -- 10 Phase Diagram of Carbon Dioxide -- 10.1 Introduction -- 10.2 Method -- 10.3 Results and Discussion -- 10.4 Determination of Absolute Zero Temperature -- 10.5 Determination of Critical Pressure Related to Liquid-Solid Equilibrium Line -- 10.6 Stable Phases that Can Come to Equilibrium with Each Other -- 10.7 Supercritical Phases -- 10.8 Phase Diagram of Supercritical Fluid -- 10.9 Results -- References -- 11 Application of the Graphical Method to the Liquid Phase -- 11.1 Critical Facts -- 11.2 Critical State -- 11.3 Determination of the Boundary Range of the Liquid Phase -- 11.4 Experimental Determination of the Critical Pressure and the Critical Density -- 11.4.1 Introduction -- 11.4.2 Experimental Technique -- 11.4.3 Experimental Results. 327 $a11.4.4 Discussions and Results -- 11.5 Determination of Critical Pressure (pcr) by Graphical Method -- References -- 12 Desublimation Equilibrium Curve -- 12.1 Introduction -- 12.2 Graphical Method and Experimental Studies -- 12.3 Results and Discussion -- 12.4 Conclusion -- References -- 13 Position of Plasma at Phase Diagrams -- 13.1 Introduction -- 13.2 Experimental Studies -- 13.3 Plasma is a Clean, ?nexhaustible Source of Energy -- 13.4 Geometric Thermodynamics -- 13.5 Thermodynamic Surfaces of One-Component Compounds -- 13.6 Formation of the Phase Diagrams -- 13.7 Atomic Model of Phase Diagram -- 13.8 Results -- References -- 14 Developments in Phase Diagram and Phase Transitions. 606 $aGases$xLiquefaction 606 $aLiquid air 615 0$aGases$xLiquefaction. 615 0$aLiquid air . 676 $a353.00783 700 $aI?brahimog?lu$b Beycan$01265809 702 $aI?brahimog?lu$b Beycan$cJr., 801 0$bMiAaPQ 801 1$bMiAaPQ 801 2$bMiAaPQ 906 $aBOOK 912 $a996499865303316 996 $aCritical states at phase transitions of pure substances$93064954 997 $aUNISA